[Event "Edmonton op qual 12th"]
[Site "Edmonton"]
[Date "2017.04.29"]
[Round "2"]
[White "Mah, Sean Kenneth"]
[Black "Ludwig, David A"]
[Result "0-1"]
[WhiteElo "1808"]
[BlackElo "1843"]
[PlyCount "58"]
[EventDate "2017.04.29"]
[EventType "swiss"]
[EventRounds "5"]
[EventCountry "CAN"]
[SourceTitle "EXT 2019"]
[Source "ChessBase"]
[SourceDate "2018.10.10"]
[SourceVersion "1"]
[SourceVersionDate "2018.10.10"]
[SourceQuality "1"]

1. e4 Nf6 2. e5 Nd5 3. d4 d6 4. c4 Nb6 5. Nf3 Bg4 6. Be2 dxe5 7. Nxe5 Bxe2 8. Kxe2 e6 9. b3 N8d7 10. Bb2 Nxe5 11. dxe5 Qg5 12. Rg1 Rd8 13. Qc2 Qh5+ 14. f3 Qxh2 15. Nd2 Bc5 16. Rgf1 Qxg2+ 17. Ke1 0-0 18. Qc1 Be3 19. Bc3 Bf4 20. Rf2 Bg3 21. Ne4 Bxf2+ 22. Nxf2 Qxf3 23. Qc2 Rd7 24. Bd2 Rfd8 25. Bg5 f6 26. exf6 gxf6 27. Bh6 Kh8 28. Rd1 Rxd1+ 29. Nxd1 Qh1+ 0-1

[Event "Edmonton WBX tt"]
[Site "Edmonton"]
[Date "2015.12.12"]
[Round "2"]
[White "Yao, David"]
[Black "Ludwig, David A"]
[Result "1/2-1/2"]
[WhiteElo "1523"]
[BlackElo "1871"]
[PlyCount "69"]
[EventDate "2015.12.12"]
[EventType "team-tourn"]
[EventRounds "5"]
[EventCountry "CAN"]
[SourceTitle "EXT 2017"]
[Source "ChessBase"]
[SourceDate "2016.10.25"]
[SourceVersion "1"]
[SourceVersionDate "2016.10.25"]
[SourceQuality "1"]

1. Nf3 f5 2. d3 g6 3. g3 Nf6 4. Bg2 d6 5. Nbd2 Bg7 6. c3 e5 7. e4 fxe4 8. Nxe4 Nxe4 9. Qa4+ Nd7 10. Qxe4 Nf6 11. Qe2 0-0 12. 0-0 c6 13. h3 Bd7 14. Be3 Nh5 15. Qd2 Qf6 16. Bh6 Bxh3 17. Bxh3 Qxf3 18. Bg2 Bxh6 19. Qxh6 Qf6 20. Qe3 a6 21. Rad1 Rae8 22. a4 Re7 23. Qe2 Qe6 24. Rfe1 Rfe8 25. Qc2 Qf6 26. Qd2 Kg7 27. Re3 d5 28. Bf3 Qg5 29. Bxh5 Qxh5 30. Rde1 Qg5 31. Qc2 Qf6 32. R3e2 Qf5 33. Re3 Qd7 34. R3e2 c5 35. c4 1/2-1/2

[Event "WBX-Tch"]
[Site "Edmonton"]
[Date "2014.12.13"]
[Round "3.2"]
[White "Brazeau, Robert Warne"]
[Black "Ludwig, David A"]
[Result "0-1"]
[WhiteElo "1849"]
[BlackElo "1808"]
[PlyCount "84"]
[EventDate "2014.12.13"]
[EventType "swiss"]
[EventRounds "5"]
[EventCountry "CAN"]
[SourceTitle "EXT 2022"]
[Source "ChessBase"]
[SourceDate "2021.10.06"]
[SourceVersion "1"]
[SourceVersionDate "2021.10.06"]
[SourceQuality "1"]

1. d4 f5 2. Nf3 g6 3. g3 Bg7 4. Bg2 Nf6 5. 0-0 0-0 6. c4 d6 7. Nc3 Qe8 8. b3 c5 9. Nb5 Na6 10. d5 Nxd5 11. Qxd5+ e6 12. Qxd6 Bxa1 13. Ba3 Bf6 14. Nc7 Nxc7 15. Qxc7 Rf7 16. Qf4 e5 17. Qe3 e4 18. Bxc5 Qd8 19. Ne1 b6 20. Bb4 a5 21. Bc3 a4 22. Bxf6 Qxf6 23. f3 exf3 24. Bxf3 Bb7 25. Bxb7 Rxb7 26. Qf3 Qe7 27. Nd3 axb3 28. axb3 Re8 29. Qd5+ Qf7 30. Qg2 Rbe7 31. Rf2 Qf6 32. g4 Qd4 33. Kh1 fxg4 34. Rf4 Re4 35. Qxg4 Rxf4 36. Qxf4 Qxf4 37. Nxf4 Re4 38. Nd5 Rxe2 39. Nxb6 Rb2 40. c5 Rxb3 41. Kg2 Kf7 42. Nd5 Rb5 0-1

[Event "Canadian op"]
[Site "Edmonton"]
[Date "2009.07.12"]
[Round "2"]
[White "Vanheirzeele, Daniel"]
[Black "Ludwig, David A"]
[Result "1-0"]
[WhiteElo "2137"]
[BlackElo "1680"]
[PlyCount "41"]
[EventDate "2009.07.11"]
[EventType "swiss"]
[EventRounds "9"]
[EventCountry "CAN"]
[SourceTitle "CBM 132 Extra"]
[Source "ChessBase"]
[SourceDate "2009.11.03"]
[SourceVersion "1"]
[SourceVersionDate "2009.11.03"]
[SourceQuality "1"]

1. d4 f5 2. g3 Nf6 3. Bg2 d6 4. d5 g6 5. c4 Bg7 6. Nc3 0-0 7. Nh3 a5 8. 0-0 Na6 9. Be3 Bd7 10. Nf4 c6 11. h4 Nc7 12. Na4 e5 13. dxe6 Bxe6 14. Qb3 c5 15. Rad1 Qe7 16. Nxe6 Nxe6 17. Qxb7 Qxb7 18. Bxb7 Rab8 19. Bg2 Rfd8 20. b3 Kf8 21. Bd2 1-0